| 000 | 00876nam a2200301Ia 4500 | ||
|---|---|---|---|
| 003 | GCL | ||
| 008 | 140319s9999 xx 000 0 ara d | ||
| 040 |
_aGCL / _cGCL |
||
| 082 | 0 | 4 |
_aق _b933.4 _bع ت |
| 100 | 1 | _aعبدالمحسن الخشاب | |
| 245 | 1 | 0 |
_aتاريخ اليهود القديم بمصر / _cعبدالمحسن الخشاب |
| 260 |
_a[S.N] : _bمكتبة مدبولى ، _c1989 |
||
| 300 | _a248 ص | ||
| 490 | _a | ||
| 650 | 0 | 4 | _aمصر |
| 650 | 0 | 4 | _aتاريخ |
| 650 | 0 | 4 | _aالاحوال الاجتماعية |
| 650 | 0 | 4 | _aالهجرة |
| 650 | 0 | 4 | _aاليهود فى مصر |
| 650 | 0 | 4 | _aالعهد القديم |
| 650 | 0 | 4 | _aمصر القديمة |
| 650 | 0 | 4 | _aالاثار |
| 650 | 0 | 4 | _aالعبرانيون |
| 650 | 0 | 4 | _aاليهود |
| 650 | 0 | 4 | _aالتشتت |
| 650 | 0 | 4 | _aاليهود فى القرأن |
| 942 |
_2ddc _cBK |
||
| 999 |
_c52910 _d52910 |
||